| 000 | 00480nam a22001937a 4500 | ||
|---|---|---|---|
| 003 | MPLRDC | ||
| 005 | 20220104142412.0 | ||
| 008 | 210129b ||||| |||| 00| 0 eng d | ||
| 020 | _a983-9093-01-0 | ||
| 082 | _a240.8 WQCS v.23 | ||
| 100 | _a黄润岳著 | ||
| 245 |
_a从圣经观点看儒家思想 _c |
||
| 250 | _a初版 | ||
| 260 |
_a _b文桥出版社 _c1994 |
||
| 300 | _b平 | ||
| 490 | _a文桥丛书. 23 | ||
| 650 | _a基督教总论 | ||
| 942 |
_cBK _o240.8 WQCS v.23 |
||
| 999 |
_c30614 _d30604 |
||